अत्तार कृत : (Record no. 111507)

MARC details
000 -LEADER
fixed length control field 01202nam a22002537a 4500
005 - DATE AND TIME OF LATEST TRANSACTION
control field 20170124102925.0
010 ## - LIBRARY OF CONGRESS CONTROL NUMBER
LC control number A-675483
020 ## - INTERNATIONAL STANDARD BOOK NUMBER
Terms of availability 190.00
International Standard Book Number 8172200420
035 ## - SYSTEM CONTROL NUMBER
System control number A-675483
037 ## - SOURCE OF ACQUISITION
Source of stock number/acquisition Cen Lib/Ret
040 ## - CATALOGING SOURCE
Original cataloging agency DPL
Language of cataloging HN
082 ## - DEWEY DECIMAL CLASSIFICATION NUMBER
Classification number 821
Item number पाण्डेय
100 ## - MAIN ENTRY--PERSONAL NAME
Personal name पाण्डेय, विनोद चन्द्र
9 (RLIN) 43208
245 ## - TITLE STATEMENT
Title अत्तार कृत :
Statement of responsibility, etc विनोद चन्द्र पाण्डेय
Remainder of title पक्षियों की भाषा /
246 ## - VARYING FORM OF TITLE
Title proper/short title Attar krit pakshiyon ki bhasha
Remainder of title by Vinod Chandra Pandey
260 ## - PUBLICATION, DISTRIBUTION, ETC. (IMPRINT)
Name of publisher, distributor, etc सिद्धार्थ प्रकाशन्स
Place of publication, distribution, etc नई दिल्ली
Date of publication, distribution, etc 1993
270 ## - ADDRESS
Address 10, डी.एस.आई.डी.सी. स्कीम II, ओखला इंडस्ट्रियल एरिया फेज II
City नई दिल्ली
Postal code 110020
300 ## - PHYSICAL DESCRIPTION
Extent 295पृ.
Dimensions 20सेमी (सजिल्द)
650 ## - SUBJECT ADDED ENTRY--TOPICAL TERM
Topical term or geographic name as entry element हिंदी - कविता
9 (RLIN) 43209
650 ## - SUBJECT ADDED ENTRY--TOPICAL TERM
Topical term or geographic name as entry element हिंदी साहित्य
9 (RLIN) 43210
650 ## - SUBJECT ADDED ENTRY--TOPICAL TERM
Topical term or geographic name as entry element Hindi - poetry
9 (RLIN) 43211
650 ## - SUBJECT ADDED ENTRY--TOPICAL TERM
Topical term or geographic name as entry element Hindi literature
9 (RLIN) 43212
942 ## - ADDED ENTRY ELEMENTS (KOHA)
Source of classification or shelving scheme Dewey Decimal Classification
Koha item type Hindi Books
Classification part 821
Call number suffix पाण्डेय
Holdings
Withdrawn status Lost status Damaged status Not for loan Home library Current library Date acquired Source of acquisition Cost, normal purchase price Total Checkouts Full call number Barcode Date last seen Copy number Cost, replacement price Price effective from Koha item type
        Central Library Central Library 03/08/2015 Cen Lib/Ret 190.00   821 पाण्डेय A-675483 03/08/2015 1 190.00 03/08/2015 Hindi Books

© Delhi Public Library
Hit Counter
free hit counter